Creative Intellience (Record no. 2584)

MARC details
000 -LEADER
fixed length control field 00396nam a22001697a 4500
005 - DATE AND TIME OF LATEST TRANSACTION
control field 20160614102735.0
008 - FIXED-LENGTH DATA ELEMENTS--GENERAL INFORMATION
fixed length control field 160614b xxu||||| |||| 00| 0 eng d
020 ## - INTERNATIONAL STANDARD BOOK NUMBER
ISBN 81-297-0805-1
041 ## - LANGUAGE CODE
Language code of text/sound track or separate title eng
082 ## - DEWEY DECIMAL CLASSIFICATION NUMBER
Item number 7328
100 ## - MAIN ENTRY--AUTHOR NAME
Personal name Rowe, Alan J
245 ## - TITLE STATEMENT
Title Creative Intellience
260 ## - PUBLICATION, DISTRIBUTION, ETC. (IMPRINT)
Place of publication Delhi
Name of publisher pearson education
Year of publication 2005
300 ## - PHYSICAL DESCRIPTION
Number of Pages 142
650 ## - SUBJECT ADDED ENTRY--TOPICAL TERM
Topical Term Management
942 ## - ADDED ENTRY ELEMENTS (KOHA)
Koha item type Books
Holdings
Lost status Damaged status Home library Current library Shelving location Date acquired Cost, normal purchase price Full call number Accession Number Koha item type Collection code
    JRU Library   SHELF-52-D 14/06/2016 350.00 7328 7328 Books  
    JRU Library JRU Library SHELF-71-D 14/06/2016 350.00 370 7329 Books LIFE SKILL